000 00629nam a2200205 a 4500
001 000030180
003 DO-SdBNP
005 20250221073755.0
008 110503s2008 dr r 000 0 spa d
040 _aDO-SdBNP
_bspa
_cBNPHU
082 _a317.293
_bR426d
110 1 _aRepública Dominicana.
_bOficina Nacional de Estadística
_95775
245 1 0 _aDominicana en cifras 2008.
260 _aSanto Domingo :
_bOficina Nacional de Estadística (ONE),
_c2008.
300 _a347 P. ;
_c28 cm.
590 _aInventariado, 2018/BT
651 _aRepública Dominicana
_xEstadísticas.
_979506
910 _aD/G
942 _2ddc
_cLBS1
999 _c29672
_d29672